Southville International School and Colleges
Your cart is empty.
  • Cart
  • Lists
    Public lists Eva Luna New books Lux_list list_1
    Your lists Log in to create your own lists
  • Log in to your account
  • Your cookies
  • Search history
Southville International School and Colleges
  • Advanced search
  • Recent comments
  • Most popular
  • Libraries

Log in to your account

Log in with GOOGLE


If you do not have an external account, but do have a local account, you can still log in:

  1. Home
  2. MARC view: Daddy, could I have an elephant? /
Normal view MARC view ISBD view

Daddy, could I have an elephant? / (Record no. 103228)

[ view plain ]
MARC details
000 -LEADER
fixed length control field 00628nam a2200181 a 4500
005 - DATE AND TIME OF LATEST TRANSACTION
control field 20140412111255.0
008 - FIXED-LENGTH DATA ELEMENTS--GENERAL INFORMATION
fixed length control field 000816s19uu xx 00 eng d
020 ## - INTERNATIONAL STANDARD BOOK NUMBER
International Standard Book Number 0-14-056410-1
050 ## - LIBRARY OF CONGRESS CALL NUMBER
Classification number TR(PS E
Item number Da12 1996
100 ## - MAIN ENTRY--PERSONAL NAME
Personal name Wolf, Jake
245 ## - TITLE STATEMENT
Title Daddy, could I have an elephant? /
Statement of responsibility, etc Jake Wolf; illustrations by Marylin Hafner.
260 ## - PUBLICATION, DISTRIBUTION, ETC. (IMPRINT)
Place of publication, distribution, etc New York :
Name of publisher, distributor, etc Puffin Books,
Date of publication, distribution, etc 1998.
300 ## - PHYSICAL DESCRIPTION
Extent 1 v. (unp.) ; ill.
520 ## - SUMMARY, ETC.
Summary, etc Despite his father objections, Tony insists on wanting such impractical pets as an elephant, a phyton, or a flamingo.
650 ## - SUBJECT ADDED ENTRY--TOPICAL TERM
Topical term or geographic name as entry element Animals-Fiction
650 ## - SUBJECT ADDED ENTRY--TOPICAL TERM
Topical term or geographic name as entry element Pets-Fiction
Holdings
Withdrawn status Lost status Damaged status Use restrictions Home library Current library Shelving location Date acquired Source of acquisition Cost, normal purchase price Total Checkouts Full call number Barcode Date last seen Price effective from Koha item type
        Elizalde Library Elizalde Library Teachers Reference Section 08/16/2000   299.00   TR(PS E Da12 1996 E4030 04/12/2014 04/12/2014 Books

Daddy, could I have an elephant? /

APA

Wolf J., . (1998). Daddy, could I have an elephant?. New York: Puffin Books.

Chicago

Wolf Jake, . 1998. Daddy, could I have an elephant?. New York: Puffin Books.

Harvard

Wolf J., . (1998). Daddy, could I have an elephant?. New York: Puffin Books.

MLA

Wolf Jake, . Daddy, could I have an elephant?. New York: Puffin Books. 1998.

  • Place hold
  • Print
  • Cite
  • Add to your cart (remove)
  • Save record
    BIBTEX Dublin Core MARCXML MARC (non-Unicode/MARC-8) MARC (Unicode/UTF-8) MARC (Unicode/UTF-8, Standard) MODS (XML) RIS
  • More searches
    Search for this title in:
    Other Libraries (WorldCat) Other Databases (Google Scholar) Online Stores (Bookfinder.com) Open Library (openlibrary.org)

Exporting to Dublin Core...

SOUTHVILLE LIBRARY

Southville International School and Colleges Library

1281 Tropical Ave. Cor. Luxembourg St., BF Homes International, Las Pinas City

Tel. No. 8256374 / 252358 Loc. 117/146

Powered by Koha